男人要的三份禮物

資料類型: Book 圖書   書目號:38831

Leader xxxxxxxxxx
001 __ PCLIS00038831
005 __ 20071123161324.0
008 __  chi
010 0_ |a978-957-33-2343-3|b平裝|dNT$240
100 __ |a20070712d2007    k  y0chiy09      e.
101 0_ |achi.
102 __ |atw.
105 __ |aa   z   000yy.
200 1_ |a男人要的三份禮物|e|f張小嫻作.
205 __ |a初版.
210 __ |a臺北市|c皇冠文化|d2007[民96]
215 0_ |a207面|c彩圖|d21公分.
225 12 |a張小嫻10年有愛散文精選典藏版|v2.
225 12 |a皇冠叢書|v第3654種.
260 1_ |a2007.
300 __ |a
681 __ |a856.9|b1194|v增訂八版.
700 _1 |a|b小嫻|4作.
702 __ |a|b|4
801 _2 |atw|bPTL|c20071026|gCCR|m4.
詳細館藏(共 1 筆)
索 書 號登 錄 號冊次號館別 / 館藏地流通類型狀態加入預約清單電子資源
856.9 / 8749 2016370  圖書館 / 一樓普通區 可外借30天 在館   

| 條列資料




目錄查詢 分類查詢 個人資料 圖書薦購 新書查詢 閉館日 排行榜 更多電子資源 Hami書城 線上資料庫 登出

From : 216.73.217.87

  本日流通累計至 21:03:55 借閱 : 13 次 續借 : 0 次 歸還 : 10 次 預約 : 0 次 電子資源 : 0 次


內湖高中圖書館  PCLIS 版本  26.5.0.12